Business Ethics: Managing Corporate Citizenship and Sustainability in the Age of Globalization. (Record no. 211)

MARC details
005 - DATE AND TIME OF LATEST TRANSACTION
control field 20250618151822.0
020 ## - INTERNATIONAL STANDARD BOOK NUMBER
International Standard Book Number 978-0-19-928499-3
082 ## - DEWEY DECIMAL CLASSIFICATION NUMBER
Classification number 174.4 CRA
100 ## - MAIN ENTRY--PERSONAL NAME
Author name CRANE, A.
245 ## - TITLE STATEMENT
Title Business Ethics: Managing Corporate Citizenship and Sustainability in the Age of Globalization.
250 ## - EDITION STATEMENT
Edition statement 2nd Ed.
260 ## - PUBLICATION, DISTRIBUTION, ETC.
Place of publication, distribution, etc. New York,
Name of publisher, distributor, etc. Oxford University Press,
Date of publication, distribution, etc. 2007.
300 ## - PHYSICAL DESCRIPTION
Extent viii, 566p.: figure
Other physical details Index & References
Dimensions 25cm.
700 ## - ADDED ENTRY--PERSONAL NAME
Other authors/Editors MATTEN, D.
942 ## - ADDED ENTRY ELEMENTS (KOHA)
Source of classification or shelving scheme Dewey Decimal Classification
Koha item type Books
Holdings
Date last seen Total checkouts Full call number Barcode Cost, replacement price Price effective from Koha item type Lost status Source of classification or shelving scheme Damaged status Not for loan Withdrawn status Home library Current library Shelving location Date acquired Cost, normal purchase price
03/10/2025   174.4 CRA 000000566 105000.00 03/10/2025 Books   Dewey Decimal Classification       College of Business Education Main Library College of Business Education Main Library General Collection 03/10/2025 45000.00